Atlas of skeletal muscles / (Record no. 4398)
[ view plain ]
| 000 -LEADER | |
|---|---|
| fixed length control field | 00712nam a22002292 4500 |
| 001 - CONTROL NUMBER | |
| control field | 0000023627 |
| 005 - DATE AND TIME OF LATEST TRANSACTION | |
| control field | 20151217145942.0 |
| 008 - FIXED-LENGTH DATA ELEMENTS--GENERAL INFORMATION | |
| fixed length control field | 130312s xx 000 0 eng d |
| 020 ## - INTERNATIONAL STANDARD BOOK NUMBER | |
| International Standard Book Number | 0071316682 : |
| 040 ## - CATALOGING SOURCE | |
| Original cataloging agency | KABU |
| Transcribing agency | KABU |
| 100 1# - MAIN ENTRY--PERSONAL NAME | |
| Personal name | Stone, Robert J. |
| -- | 0000183189 |
| 245 10 - TITLE STATEMENT | |
| Title | Atlas of skeletal muscles / |
| Statement of responsibility, etc. | Robert J. Stone, Judith A. Stone. |
| 250 ## - EDITION STATEMENT | |
| Edition statement | 7th ed. |
| 260 ## - PUBLICATION, DISTRIBUTION, ETC. (IMPRINT) | |
| Place of publication, distribution, etc. | New York : |
| Name of publisher, distributor, etc. | McGraw-Hill, |
| Date of publication, distribution, etc. | 2012. |
| 300 ## - PHYSICAL DESCRIPTION | |
| Extent | xi, 222 p. |
| 650 #0 - SUBJECT ADDED ENTRY--TOPICAL TERM | |
| Topical term or geographic name as entry element | Striated muscles |
| Form subdivision | Atlases. |
| -- | 0000183190 |
| 650 #0 - SUBJECT ADDED ENTRY--TOPICAL TERM | |
| Topical term or geographic name as entry element | Musculoskeletal system |
| Form subdivision | Atlases. |
| -- | 0000183191 |
| 700 1# - ADDED ENTRY--PERSONAL NAME | |
| Personal name | Stone, Judith A. |
| -- | 0000183192 |
| 852 1# - LOCATION | |
| -- | p3604 KES |
| 908 ## - PUT COMMAND PARAMETER (RLIN) | |
| Put command parameter | 130312 |
| 950 ## - LOCAL HOLDINGS (RLIN) | |
| -- | 1 |
| Withdrawn status | Lost status | Source of classification or shelving scheme | Not for loan | Home library | Current library | Date acquired | Total Checkouts | Full call number | Barcode | Date last seen | Price effective from | Koha item type | Total Renewals | Date last checked out |
|---|---|---|---|---|---|---|---|---|---|---|---|---|---|---|
| Library of Congress Classification | Kabarak, Main Campus | Kabarak, Main Campus | 17/12/2015 | QM151 .S76 2012 c. 1 | 014554 | 17/12/2015 | 17/12/2015 | General Collection | ||||||
| Library of Congress Classification | Kabarak, Main Campus | Kabarak, Main Campus | 17/12/2015 | 5 | QM151 .S76 2012 c. 2 | 017886 | 13/12/2023 | 17/12/2015 | General Collection | 2 | 16/11/2023 |